00807nam a22002177a 4500003000200000005001700002008004100019050002300060100003100083245009300114260007100207300004400278504005800322650004100380650002600421650004500447700002500492700002300517700002300540700002600563020250115173616.0250115b xxu||||| |||| 00| 0 eng d aRG 648b.Sa24 2023 aSares, Marian Kierstin D.  aA father's loss: living through a miscarriagecMarian Kierstin D. Sares [and our others] aLas Pinas CitybSouthville International School and Collegesc2023 ax, 170 pages :billustrations ;c28cm.  aIncludes bibliographical references and appendices.  aMiscarriage—Psychological aspects. aFathers—Psychology. aParent and child—Psychological aspect. aSimpao, Erika Janine aSoriano, Ian Cyrus aTobias, Rigel Kent aVasquez, Mari Sheanne